Online katalóg knižníc regiónu Turca

Hlupáčik s velikánskou jednotkou (Record no. 21535)

MARC details
000 -LEADER
fixed length control field 01959cam a2200517 a 4500
001 - CONTROL NUMBER
control field 21535
003 - CONTROL NUMBER IDENTIFIER
control field VRT
005 - DATE AND TIME OF LATEST TRANSACTION
control field 20260303161055.0
008 - FIXED-LENGTH DATA ELEMENTS--GENERAL INFORMATION
fixed length control field 240226s1983 xo a j 000 j slo
015 ## - NATIONAL BIBLIOGRAPHY NUMBER
National bibliography number SNBA1983
020 ## - INTERNATIONAL STANDARD BOOK NUMBER
Qualifying information (viazané)
035 ## - SYSTEM CONTROL NUMBER
System control number SNK000035212
035 ## - SYSTEM CONTROL NUMBER
System control number 25CA71B0-3887-4BF5-9FDC-775AD40CF86E
035 ## - SYSTEM CONTROL NUMBER
System control number urn:nbn:sk:snk-am00ienh
039 #9 - LEVEL OF BIBLIOGRAPHIC CONTROL AND CODING DETAIL [OBSOLETE]
Level of rules in bibliographic description 202402262017
Level of effort used to assign nonsubject heading access points VLOAD
Level of effort used to assign subject headings 202305011811
Level of effort used to assign classification VLOAD
Level of effort used to assign subject headings 202304281411
Level of effort used to assign classification VLOAD
Level of effort used to assign subject headings 202301250812
Level of effort used to assign classification msnk160
040 ## - CATALOGING SOURCE
Original cataloging agency SNK
Language of cataloging slo
Transcribing agency SNK
Description conventions AACR2
041 0# - LANGUAGE CODE
Language code of text/sound track or separate title slo
044 ## - COUNTRY OF PUBLISHING/PRODUCING ENTITY CODE
MARC country code xo
ISO country code SK
072 #7 - SUBJECT CATEGORY CODE
Subject category code 821.162.4-3
Subject category code subdivision Slovenská próza
Source konspekt
072 #7 - SUBJECT CATEGORY CODE
Subject category code 821-93
Subject category code subdivision Literatúra pre deti a mládež (beletria)
Source konspekt
080 ## - UNIVERSAL DECIMAL CLASSIFICATION NUMBER
Universal Decimal Classification number 821.162.4-32
Edition identifier 2011
080 ## - UNIVERSAL DECIMAL CLASSIFICATION NUMBER
Universal Decimal Classification number 82-93-053.4/.5
Edition identifier 2011
100 1# - MAIN ENTRY--PERSONAL NAME
Personal name Moric, Rudo,
Dates associated with a name 1921-1985
Relationship aut
245 10 - TITLE STATEMENT
Title Hlupáčik s velikánskou jednotkou
Statement of responsibility, etc. Rudo Moric ; [ilustroval Dušan Kállay]
250 ## - EDITION STATEMENT
Edition statement 1. vyd.
260 ## - PUBLICATION, DISTRIBUTION, ETC.
Place of publication, distribution, etc. Bratislava
Name of publisher, distributor, etc. Mladé letá
Date of publication, distribution, etc. 1983
300 ## - PHYSICAL DESCRIPTION
Extent 56 strán, [9] nečíslovaných strán obrazových príloh
Other physical details farebné ilustrácie
Dimensions 21 cm
366 ## - TRADE AVAILABILITY INFORMATION
Note 61000 kusov
490 1# - SERIES STATEMENT
Series statement Klub mladých čitateľov
Volume/sequential designation Prvá kniha
500 ## - GENERAL NOTE
General note Rozložené ilustrácie na titulnom liste. Ilustrácie na predsádkach
521 1# - TARGET AUDIENCE NOTE
Target audience note Pre čitateľov od 6 rokov
655 #7 - INDEX TERM--GENRE/FORM
Genre/form data or focus term slovenské poviedky
Source of term SNKPH
655 #7 - INDEX TERM--GENRE/FORM
Genre/form data or focus term literatúra pre deti a mládež
Source of term SNKPH
700 1# - ADDED ENTRY--PERSONAL NAME
Personal name Kállay, Dušan,
Dates associated with a name 1948-
Relationship ill
830 #0 - SERIES ADDED ENTRY--UNIFORM TITLE
Uniform title Klub mladých čitateľov
910 ## - USER-OPTION DATA (OCLC)
User-option data snk
942 ## - ADDED ENTRY ELEMENTS (KOHA)
Source of classification or shelving scheme Dewey Decimal Classification
Koha item type Krásna literatúra pre deti
Suppress in OPAC No
949 ## - LOCAL PROCESSING INFORMATION (OCLC)
6 17A0698419
a snkSC 59248 D1
b snkKSP 6581/83
949 ## - LOCAL PROCESSING INFORMATION (OCLC)
6 270001000390947
a svkbbA 38416
b svkbbm 433500
949 ## - LOCAL PROCESSING INFORMATION (OCLC)
6 3869A08719
a bpksh885.4(02.053.2)-32
b bpksh46001
949 ## - LOCAL PROCESSING INFORMATION (OCLC)
6 0133063343
a snmk
b snmk63343
949 ## - LOCAL PROCESSING INFORMATION (OCLC)
6 17A0896837
a snkSC 59248
b snkKSP 6580/83
s 6100:20220722
949 ## - LOCAL PROCESSING INFORMATION (OCLC)
6 273K0161512
a svkpoA 129073
b svkpo303363
949 ## - LOCAL PROCESSING INFORMATION (OCLC)
6 3869A18705
a bpksh885.4(02.053.2)-32
b bpksh69250
Holdings
Stav vyradenia Strata Poškodenie Spôsob nadobudnutia Domovská knižnica Aktuálna knižnica Dátum nadobudnutia Total checkouts Čiarový kód exemplára Date last seen Typ exemplára
      Dar Obecná knižnica Horná Štubňa Obecná knižnica Horná Štubňa 03.03.2026   4736201631 03.03.2026 Krásna literatúra pre deti
Projekt je podporený Slovenskou asociáciou knižníc
Prevádzkuje Turčianska knižnica Martin 2026